000 00284nam a22001337a 4500
008 170828b xxu||||| |||| 00| 0 eng d
020 _a9780136215417
041 _aeng
080 _a070
100 _a39
101 _aMED
245 _aQUICK ACCESS
_cTROYKA.L.Q
942 _2udc
_cBK
999 _c25207
_d25207